Fr. Conceicao Rodrigues College of Engineering

Chemistry of Engg. Materials (Record no. 20960)

MARC details
000 -LEADER
fixed length control field 00311nam a2200145Ia 4500
082 ## - DEWEY DECIMAL CLASSIFICATION NUMBER
Classification number 620.112
100 ## - MAIN ENTRY--PERSONAL NAME
Personal name Jawale/ V.H.
245 ## - TITLE STATEMENT
Title Chemistry of Engg. Materials
260 ## - PUBLICATION, DISTRIBUTION, ETC.
Name of publisher, distributor, etc. Vrinda pub.
Place of publication, distribution, etc. Jalgaon
Date of publication, distribution, etc. 1981
300 ## - PHYSICAL DESCRIPTION
Extent 74
546 ## - LANGUAGE NOTE
Language note ENGLISH
650 ## - SUBJECT ADDED ENTRY--TOPICAL TERM
Topical term or geographic name entry element Chemistry
654 ## - SUBJECT ADDED ENTRY--FACETED TOPICAL TERMS
Focus term Chemistry
942 ## - ADDED ENTRY ELEMENTS (KOHA)
Koha item type BOOK
Holdings
Withdrawn status Lost status Damaged status Not for loan Collection Home library Current library Date acquired Source of acquisition Cost, normal purchase price Inventory number Total Checkouts Full call number Barcode Date last seen Cost, replacement price Price effective from Koha item type
        AFT Fr. Agnel's C.Rodrigues College of Engineering Fr. Agnel's C.Rodrigues College of Engineering 17/03/2023 VBD 7.50 1575   620.112 AFT3259 17/03/2023 7.50 17/03/2023 BOOK